Lý thuyết hạch toán kế toán

Spremljeno u:
Bibliografski detalji
Glavni autor: NGUYỄN THỊ ĐÔNG
Format: Knjiga
Jezik:Undetermined
Izdano: Tài chính 2002
Oznake: Dodaj oznaku
Bez oznaka, Budi prvi tko označuje ovaj zapis!
Thư viện lưu trữ: Trung tâm Học liệu Trường Đại học Cần Thơ
LEADER 00424nam a2200145Ia 4500
001 CTU_48345
008 210402s9999 xx 000 0 und d
082 |a 657 
082 |b Đ455/2002 
100 |a NGUYỄN THỊ ĐÔNG 
245 0 |a Lý thuyết hạch toán kế toán 
245 0 |c NGUYỄN THỊ ĐÔNG 
260 |b Tài chính 
260 |c 2002 
980 |a Trung tâm Học liệu Trường Đại học Cần Thơ